00411nam a2200157Ia 4500003000400000005001700004008004100021020001800062040000900080082001700089100002500106245006300131250001300194260003700207300000900244OSt20200703144422.0190216s9999||||xx |||||||||||||| ||und|| a9788121903387 coclc a940.2bMAH/H a Mahajan, Vidya Dhar 0aHistory Of Modern Europe Since 1789 /cVidya Dhar Mahajan a13th Ed. bS Chand & Co,c2000.aNew Delhi: a960p